[Event "Mar del Plata International-30 Maderna"]
[Site "Mar del Plata ARG"]
[Date "1976.03.16"]
[Round "8"]
[White "Van Riemsdijk, Herman Claudius"]
[Black "Rocha, Antonio Cavilhas"]
[Result "1/2-1/2"]
[WhiteElo "2370"]
[BlackElo "2315"]
[PlyCount "38"]
[EventDate "1976.03.08"]

1. e4 e5 2. Nf3 Nc6 3. Bb5 a6 4. Bxc6 dxc6 5. O-O f6 6. d4 Bg4 7. dxe5 Qxd1 8. Rxd1 Bxf3 9. gxf3 fxe5 10. f4 Bd6 11. fxe5 Bxe5 12. f4 Bd6 13. Nc3 O-O-O 14. Be3 Nf6 15. e5 Ng4 16. Bf2 Be7 17. Rxd8+ Rxd8 18. Rd1 Rxd1+ 19. Nxd1 Kd7 1/2-1/2

[Event "Mar del Plata International-30 Maderna"]
[Site "Mar del Plata ARG"]
[Date "1976.03.18"]
[Round "9"]
[White "Brond, Victor"]
[Black "Trois, Francisco"]
[Result "1/2-1/2"]
[WhiteElo "2345"]
[BlackElo "2310"]
[PlyCount "76"]
[EventDate "1976.03.08"]

1. d4 Nf6 2. c4 e6 3. Nc3 Bb4 4. Bg5 c5 5. d5 h6 6. Bh4 d6 7. dxe6 Bxe6 8. e3 Bxc3+ 9. bxc3 g5 10. Bg3 Ne4 11. Qc2 Nxg3 12. hxg3 Nc6 13. Rb1 Qe7 14. Nf3 O-O-O 15. Bd3 h5 16. Bf5 Qf6 17. Bxe6+ fxe6 18. Nd2 Kb8 19. Rb3 d5 20. cxd5 exd5 21. Qb2 Qe7 22. Nf3 Na5 23. Rb5 Nc4 24. Qe2 h4 25. gxh4 gxh4 26. Qd3 a6 27. Rb3 Ka8 28. Ke2 Qf6 29. Rhb1 h3 30. Rxb7 Rd6 31. gxh3 Rf8 32. e4 Qg6 33. e5 Qxd3+ 34. Kxd3 Rh6 35. Ng5 Nxe5+ 36. Ke2 Rg6 37. f4 Nc4 38. h4 Rh6 1/2-1/2

[Event "Mar del Plata International-30 Maderna"]
[Site "Mar del Plata ARG"]
[Date "1976.03.18"]
[Round "9"]
[White "Bronstein, Luis Marcos"]
[Black "Emma, Jaime"]
[Result "1/2-1/2"]
[WhiteElo "2380"]
[BlackElo "2420"]
[PlyCount "73"]
[EventDate "1976.03.08"]

1. e4 g6 2. d4 Bg7 3. Nf3 d6 4. Bc4 c6 5. c3 Nf6 6. Nbd2 O-O 7. O-O Nfd7 8. Bb3 a5 9. a4 Nb6 10. Nc4 Nxc4 11. Bxc4 Na6 12. Bg5 Nc7 13. Qd2 Bg4 14. Nh4 d5 15. exd5 Nxd5 16. h3 Be6 17. Rae1 Qd7 18. Bh6 Rfe8 19. Bxg7 Kxg7 20. Nf3 f6 21. Re2 Bf7 22. Rfe1 Qd6 23. Bxd5 cxd5 24. Nh2 g5 25. Re3 e6 26. h4 h6 27. Rg3 Bg6 28. hxg5 hxg5 29. Ng4 Rg8 30. Nxf6 Kxf6 31. Qxg5+ Kf7 32. Ree3 Raf8 33. Qh6 Bf5 34. Qh5+ Kf6 35. Qh4+ Kf7 36. Qh5+ Kf6 37. Qh4+ 1/2-1/2

[Event "Mar del Plata International-30 Maderna"]
[Site "Mar del Plata ARG"]
[Date "1976.03.18"]
[Round "9"]
[White "Garcia, Raimundo"]
[Black "Grinberg, Ricardo"]
[Result "1-0"]
[WhiteElo "2425"]
[BlackElo "2425"]
[PlyCount "59"]
[EventDate "1976.03.08"]

1. c4 e5 2. Nc3 Nf6 3. Nf3 Nc6 4. d3 Bb4 5. Bg5 h6 6. Bxf6 Bxc3+ 7. bxc3 Qxf6 8. Nd2 O-O 9. g3 b6 10. Bg2 Bb7 11. O-O Qe7 12. Rb1 Nd8 13. Bd5 c6 14. Bg2 d5 15. cxd5 cxd5 16. Rb5 d4 17. Bxb7 Nxb7 18. cxd4 exd4 19. Nf3 Rad8 20. Re5 Qb4 21. Qb1 Qxb1 22. Rxb1 Nc5 23. Re7 Ne6 24. Rb4 Rd6 25. Rxa7 Rc8 26. Ne5 Rc1+ 27. Kg2 Rc2 28. Ra8+ Kh7 29. Nxf7 Rd7 30. Rh8+ 1-0

[Event "Mar del Plata International-30 Maderna"]
[Site "Mar del Plata ARG"]
[Date "1976.03.18"]
[Round "9"]
[White "Garcia Palermo, Carlos"]
[Black "Van Riemsdijk, Herman Claudius"]
[Result "1-0"]
[WhiteElo "2370"]
[BlackElo "2370"]
[PlyCount "43"]
[EventDate "1976.03.08"]

1. d4 c5 2. d5 Nf6 3. c4 b5 4. a4 bxc4 5. Nc3 d6 6. e4 Ba6 7. f4 Nbd7 8. Nf3 g6 9. e5 dxe5 10. fxe5 Ng4 11. Qe2 Bg7 12. Bf4 Qb8 13. d6 e6 14. h3 Nh6 15. g4 Qb4 16. Bg2 Rb8 17. Qe3 Bb7 18. O-O O-O 19. Bxh6 Bxh6 20. Qxh6 Bxf3 21. Rxf3 Nxe5 22. Rf2 1-0

[Event "Mar del Plata International-30 Maderna"]
[Site "Mar del Plata ARG"]
[Date "1976.03.18"]
[Round "9"]
[White "Letelier Martner, Rene"]
[Black "Cuasnicu, Oscar"]
[Result "0-1"]
[WhiteElo "2350"]
[BlackElo "2400"]
[PlyCount "82"]
[EventDate "1976.03.08"]

1. e4 c5 2. Nf3 e6 3. d4 cxd4 4. Nxd4 a6 5. Bd3 d6 6. O-O g6 7. b3 Bg7 8. Bb2 Nf6 9. c4 O-O 10. Nd2 b6 11. Qe2 Bb7 12. Rad1 Nbd7 13. Bb1 Qc7 14. Rfe1 Nc5 15. Qe3 Rfe8 16. h3 Rad8 17. Bc2 e5 18. Ne2 Ne6 19. Nb1 b5 20. Nd2 b4 21. Nf1 a5 22. Nh2 Nc5 23. Ng3 h5 24. Nf3 Nh7 25. Bc1 Qe7 26. Qe2 Bf6 27. a3 Bc6 28. axb4 axb4 29. Qd2 Qb7 30. h4 Be7 31. Bb2 Rb8 32. Re2 Qc8 33. Nf1 Nf6 34. Ng5 Ne6 35. Nxe6 Qxe6 36. f3 Nd7 37. Ne3 Qf6 38. Qe1 Nc5 39. Nd5 Bxd5 40. Rxd5 Ne6 41. Rb5 Rxb5 0-1

[Event "Mar del Plata International-30 Maderna"]
[Site "Mar del Plata ARG"]
[Date "1976.03.18"]
[Round "9"]
[White "Rocha, Antonio Cavilhas"]
[Black "Sanguineti, Raul"]
[Result "1/2-1/2"]
[WhiteElo "2315"]
[BlackElo "2480"]
[PlyCount "34"]
[EventDate "1976.03.08"]

1. e4 c5 2. Nf3 Nc6 3. d4 cxd4 4. Nxd4 e6 5. Nc3 a6 6. Be3 Nge7 7. a3 Nxd4 8. Qxd4 b5 9. Be2 Nc6 10. Qd2 Be7 11. O-O Qc7 12. f4 O-O 13. Rae1 f6 14. Nd5 exd5 15. exd5 Re8 16. dxc6 dxc6 17. Bf3 Be6 1/2-1/2

[Event "Mar del Plata International-30 Maderna"]
[Site "Mar del Plata ARG"]
[Date "1976.03.18"]
[Round "9"]
[White "Schweber, Samuel"]
[Black "Rubinetti, Jorge Alberto"]
[Result "1/2-1/2"]
[WhiteElo "2455"]
[BlackElo "2380"]
[PlyCount "83"]
[EventDate "1976.03.08"]

1. e4 e6 2. d4 d5 3. Nc3 Bb4 4. e5 Qd7 5. a3 Bxc3+ 6. bxc3 b6 7. Qg4 f5 8. Qg3 Bb7 9. h4 Nc6 10. Nh3 O-O-O 11. Bd3 Kb8 12. Nf4 Qf7 13. a4 Nge7 14. h5 Na5 15. Ba3 Nc4 16. Bxe7 Qxe7 17. Qh4 Qf7 18. Bxc4 dxc4 19. a5 b5 20. a6 Bc8 21. O-O c6 22. f3 Rhg8 23. Qg5 Qc7 24. Rfb1 Rde8 25. Kh2 Qe7 26. Nh3 Qxg5 27. Nxg5 Re7 28. Kg3 Kc7 29. Ra2 Kb6 30. Rba1 h6 31. Nh3 g5 32. hxg6 Rxg6+ 33. Kf2 h5 34. Nf4 Rh6 35. Ra3 h4 36. R3a2 Rg7 37. Ra3 Re7 38. R3a2 Rd7 39. Ke3 Rg7 40. Kf2 Rgh7 41. Ra3 Rd7 42. Ke3 1/2-1/2

[Event "Mar del Plata International-30 Maderna"]
[Site "Mar del Plata ARG"]
[Date "1976.03.19"]
[Round "10"]
[White "Cuasnicu, Oscar"]
[Black "Schweber, Samuel"]
[Result "1/2-1/2"]
[WhiteElo "2400"]
[BlackElo "2455"]
[PlyCount "20"]
[EventDate "1976.03.08"]

1. e4 e5 2. Nf3 Nc6 3. Bb5 d6 4. d4 Bd7 5. Nc3 Nxd4 6. Nxd4 exd4 7. Qxd4 Nf6 8. O-O Be7 9. Bxd7+ Qxd7 10. Bf4 O-O 1/2-1/2

[Event "Mar del Plata International-30 Maderna"]
[Site "Mar del Plata ARG"]
[Date "1976.03.19"]
[Round "10"]
[White "Emma, Jaime"]
[Black "Garcia, Raimundo"]
[Result "0-1"]
[WhiteElo "2420"]
[BlackElo "2425"]
[PlyCount "82"]
[EventDate "1976.03.08"]

1. d4 Nf6 2. c4 c5 3. d5 b5 4. cxb5 a6 5. bxa6 Bxa6 6. Nc3 d6 7. f4 g6 8. Nf3 Bg7 9. e4 Bxf1 10. Rxf1 O-O 11. Kf2 Na6 12. Kg1 Qb6 13. Kh1 Nb4 14. a3 Qa6 15. Be3 Nd3 16. Qd2 Rfb8 17. Rfb1 Nxb2 18. Rxb2 Nxe4 19. Rxb8+ Rxb8 20. Nxe4 Bxa1 21. Ng3 Rb1+ 22. Bg1 Qxa3 23. f5 Qc1 24. Qa2 Bf6 25. fxg6 hxg6 26. Qa8+ Kg7 27. Qc8 Qd1 28. Qg4 Qxd5 29. h3 Rb4 30. Qc8 Qb7 31. Qe8 Rf4 32. Nd2 Rb4 33. Be3 Bd4 34. Bg5 Rb1+ 35. Ngf1 Qa6 36. Kh2 Rxf1 37. Nxf1 Qxf1 38. h4 Be5+ 39. g3 Qf2+ 40. Kh1 Qf3+ 41. Kg1 Bd4+ 0-1

[Event "Mar del Plata International-30 Maderna"]
[Site "Mar del Plata ARG"]
[Date "1976.03.19"]
[Round "10"]
[White "Garcia Palermo, Carlos"]
[Black "Letelier Martner, Rene"]
[Result "1-0"]
[WhiteElo "2370"]
[BlackElo "2350"]
[PlyCount "103"]
[EventDate "1976.03.08"]

1. d4 Nf6 2. c4 e6 3. Nc3 c5 4. d5 exd5 5. cxd5 d6 6. e4 g6 7. Be2 Bg7 8. Nf3 O-O 9. Bf4 Re8 10. Nd2 a6 11. a4 Qe7 12. g4 Nbd7 13. g5 Nh5 14. Bxh5 gxh5 15. Qxh5 Ne5 16. Bxe5 Qxe5 17. f4 Qxf4 18. Rf1 Bg4 19. Qxh7+ Kxh7 20. Rxf4 Bh5 21. Nc4 Rad8 22. Kd2 Bg6 23. Re1 Kg8 24. a5 Rd7 25. Kd3 Bd4 26. h4 Kg7 27. Rh1 Bh5 28. Ne2 Be5 29. Ng3 Bg6 30. Nf5+ Bxf5 31. Rxf5 Bd4 32. h5 Rh8 33. Rh3 Re8 34. Rh4 Rh8 35. Nb6 Re7 36. Nc4 Rd7 37. Rh2 Re8 38. b3 Rh8 39. Nb6 Rc7 40. Nc4 Rd7 41. Rh3 Rhd8 42. Rh1 Rh8 43. b4 Rhd8 44. Rhf1 Kg8 45. R1f3 Kg7 46. g6 fxg6 47. Rg3 g5 48. Rgxg5+ Kh7 49. Rg6 Ba1 50. bxc5 dxc5 51. d6 Bd4 52. e5 1-0

[Event "Mar del Plata International-30 Maderna"]
[Site "Mar del Plata ARG"]
[Date "1976.03.19"]
[Round "10"]
[White "Grinberg, Ricardo"]
[Black "Rocha, Antonio Cavilhas"]
[Result "1/2-1/2"]
[WhiteElo "2425"]
[BlackElo "2315"]
[PlyCount "99"]
[EventDate "1976.03.08"]

1. e4 c5 2. Nf3 d6 3. d4 cxd4 4. Nxd4 Nf6 5. Nc3 Nc6 6. Bc4 Qb6 7. Nb3 e6 8. O-O a6 9. a4 Qc7 10. Bd3 b6 11. f4 Be7 12. Be3 Bb7 13. Qf3 Nb4 14. f5 exf5 15. Qxf5 O-O 16. Bd4 Nd7 17. Nd5 Bxd5 18. exd5 g6 19. Qh3 Nxd3 20. cxd3 Qb7 21. Rac1 Nc5 22. Qh6 f6 23. Bxc5 bxc5 24. Rce1 Rf7 25. Na5 Qxd5 26. Qe3 Bf8 27. Nc4 Rd8 28. a5 f5 29. Nb6 Qb3 30. Qd2 Qb5 31. Re6 Re8 32. Rxe8 Qxe8 33. d4 Qe4 34. dxc5 dxc5 35. Re1 Qd4+ 36. Qxd4 cxd4 37. Kf1 Bb4 38. Re8+ Rf8 39. Rxf8+ Kxf8 40. Nd7+ Ke7 41. Nb8 Kd6 42. Nxa6 Bxa5 43. Ke2 g5 44. Kd3 Kd5 45. b4 Bd8 46. b5 g4 47. Nb4+ Kc5 48. Nc2 Bf6 49. b6 Kxb6 50. Nxd4 1/2-1/2

[Event "Mar del Plata International-30 Maderna"]
[Site "Mar del Plata ARG"]
[Date "1976.03.19"]
[Round "10"]
[White "Rubinetti, Jorge Alberto"]
[Black "Brond, Victor"]
[Result "1/2-1/2"]
[WhiteElo "2380"]
[BlackElo "2345"]
[PlyCount "82"]
[EventDate "1976.03.08"]

1. e4 c6 2. d4 d5 3. Nd2 dxe4 4. Nxe4 Nd7 5. Nf3 Ngf6 6. Ng3 e6 7. Bd3 c5 8. O-O cxd4 9. Nxd4 Bc5 10. Nb3 Be7 11. Re1 O-O 12. Qf3 Re8 13. Bf4 Nd5 14. Bd2 Qc7 15. Nf5 exf5 16. Qxd5 Nf6 17. Qf3 g6 18. Bf4 Qb6 19. c4 Bd7 20. c5 Bxc5 21. Nxc5 Qxc5 22. Qxb7 Ng4 23. Qf3 Bc6 24. Qg3 Rxe1+ 25. Rxe1 Qb4 26. Rc1 Re8 27. h3 Re1+ 28. Bf1 Rxc1 29. Bxc1 Nf6 30. Qc7 Qb7 31. Qd8+ Kg7 32. Be3 Ne8 33. Bc5 a6 34. b4 Bb5 35. Bxb5 Qxb5 36. Qe7 h5 37. Bd4+ Kg8 38. Qe5 Qxe5 39. Bxe5 f6 40. Bb8 Kf7 41. Kf1 Ke6 1/2-1/2

[Event "Mar del Plata International-30 Maderna"]
[Site "Mar del Plata ARG"]
[Date "1976.03.19"]
[Round "10"]
[White "Trois, Francisco"]
[Black "Hase, Juan Carlos"]
[Result "1/2-1/2"]
[WhiteElo "2310"]
[BlackElo "2430"]
[PlyCount "44"]
[EventDate "1976.03.08"]

1. c4 e5 2. Nc3 Nc6 3. g3 f5 4. Bg2 Nf6 5. d3 Bb4 6. Bd2 O-O 7. Nh3 d6 8. a3 Bxc3 9. Bxc3 Qe7 10. e3 Bd7 11. O-O a6 12. Qd2 Rae8 13. f4 exf4 14. exf4 Qe3+ 15. Qxe3 Rxe3 16. Nf2 Kf7 17. Rfe1 Rxe1+ 18. Rxe1 Rb8 19. Bf3 Ne7 20. h3 Bc6 21. Kg2 Bxf3+ 22. Kxf3 b5 1/2-1/2

[Event "Mar del Plata International-30 Maderna"]
[Site "Mar del Plata ARG"]
[Date "1976.03.19"]
[Round "10"]
[White "Van Riemsdijk, Herman Claudius"]
[Black "Sanguineti, Raul"]
[Result "1/2-1/2"]
[WhiteElo "2370"]
[BlackElo "2480"]
[PlyCount "30"]
[EventDate "1976.03.08"]

1. e4 e5 2. Nf3 Nc6 3. Bb5 Nf6 4. d4 Nxe4 5. dxe5 Be7 6. O-O O-O 7. Qe2 Nc5 8. Be3 Ne6 9. Nbd2 f6 10. exf6 Bxf6 11. c3 Ne5 12. Nd4 d6 13. Ba4 Nxd4 14. Bxd4 Ng4 15. Bxf6 Nxf6 1/2-1/2

[Event "Mar del Plata International-30 Maderna"]
[Site "Mar del Plata ARG"]
[Date "1976.03.20"]
[Round "11"]
[White "Brond, Victor"]
[Black "Cuasnicu, Oscar"]
[Result "1/2-1/2"]
[WhiteElo "2345"]
[BlackElo "2400"]
[PlyCount "46"]
[EventDate "1976.03.08"]

1. d4 d5 2. c4 c6 3. Nc3 Nf6 4. e3 e6 5. Nf3 Ne4 6. Qc2 f5 7. g3 Bd6 8. Bg2 O-O 9. O-O Nd7 10. b3 Rf6 11. Bb2 Rh6 12. Ne2 Qe8 13. Ne5 Qh5 14. h3 Qg5 15. Nf4 Qe7 16. Rac1 Ndf6 17. Ne2 Bd7 18. f3 Ng5 19. h4 Nf7 20. Nxf7 Qxf7 21. e4 fxe4 22. fxe4 dxe4 23. Bxe4 Qe7 1/2-1/2

[Event "Mar del Plata International-30 Maderna"]
[Site "Mar del Plata ARG"]
[Date "1976.03.20"]
[Round "11"]
[White "Bronstein, Luis Marcos"]
[Black "Trois, Francisco"]
[Result "1-0"]
[WhiteElo "2380"]
[BlackElo "2310"]
[PlyCount "105"]
[EventDate "1976.03.08"]

1. e4 g6 2. d4 Bg7 3. Nc3 c6 4. Bc4 d6 5. Qf3 e6 6. Nge2 Nd7 7. Bf4 Qe7 8. O-O-O e5 9. dxe5 dxe5 10. Be3 Ngf6 11. h3 Nb6 12. Bb3 Nfd7 13. g4 O-O 14. h4 h6 15. h5 g5 16. Ng3 Nc5 17. Nf5 Nxb3+ 18. axb3 Bxf5 19. exf5 e4 20. Qxe4 Qxe4 21. Nxe4 Be5 22. c4 Rfe8 23. f3 Rad8 24. Rxd8 Rxd8 25. Kc2 Nc8 26. b4 Kg7 27. b3 b6 28. Re1 f6 29. Bd2 Kf7 30. Bc3 Bxc3 31. Nxc3 Rd4 32. Re4 Rd7 33. b5 cxb5 34. Nxb5 a6 35. Nc3 Rd6 36. Nd5 b5 37. Kc3 bxc4 38. bxc4 a5 39. Re1 Nb6 40. Re7+ Kf8 41. Re6 Nxd5+ 42. cxd5 Rxd5 43. Kc4 Rd1 44. Rxf6+ Kg7 45. Rg6+ Kh7 46. Ra6 Kg7 47. Rxa5 Rf1 48. Ra3 Rc1+ 49. Kd4 Rd1+ 50. Rd3 Re1 51. Re3 Rd1+ 52. Ke5 Ra1 53. f6+ 1-0

[Event "Mar del Plata International-30 Maderna"]
[Site "Mar del Plata ARG"]
[Date "1976.03.20"]
[Round "11"]
[White "Hase, Juan Carlos"]
[Black "Rubinetti, Jorge Alberto"]
[Result "0-1"]
[WhiteElo "2430"]
[BlackElo "2380"]
[PlyCount "114"]
[EventDate "1976.03.08"]

1. e4 c5 2. Nf3 e6 3. d4 cxd4 4. Nxd4 d6 5. f4 Nc6 6. Nf3 Nf6 7. Nc3 Be7 8. Bd3 e5 9. O-O exf4 10. Bxf4 O-O 11. Kh1 Be6 12. a3 Nd7 13. Nd5 Nde5 14. c4 Ng6 15. Bg3 Nce5 16. Nd4 Bh4 17. Bxe5 Nxe5 18. Be2 Bxd5 19. exd5 g6 20. b4 Rc8 21. Rc1 Bg5 22. Rc3 Bh6 23. Qe1 Bg7 24. Qf2 Re8 25. Rcc1 Qd7 26. c5 dxc5 27. Bb5 Qxd5 28. Bxe8 Rxe8 29. Rxc5 Qd7 30. Rxe5 Bxe5 31. Nf3 Bb8 32. Ng5 f5 33. Qa2+ Kg7 34. Qb3 Re7 35. Rd1 Qe8 36. Nf3 Qf7 37. Qc3+ Qf6 38. Qc8 Bd6 39. g3 a6 40. Rd2 Rc7 41. Qe8 Re7 42. Qc8 f4 43. g4 Rc7 44. Qe8 Qe7 45. Qxe7+ Bxe7 46. Kg2 b5 47. Re2 Kf7 48. Re4 Rc2+ 49. Kf1 g5 50. Ne5+ Ke8 51. Ke1 Rc3 52. Kd2 Rxa3 53. Nc6 Re3 54. Rxe3 fxe3+ 55. Kxe3 Bd6 56. Ke4 Bxh2 57. Kd5 Kd7 0-1

[Event "Mar del Plata International-30 Maderna"]
[Site "Mar del Plata ARG"]
[Date "1976.03.20"]
[Round "11"]
[White "Letelier Martner, Rene"]
[Black "Van Riemsdijk, Herman Claudius"]
[Result "0-1"]
[WhiteElo "2350"]
[BlackElo "2370"]
[PlyCount "64"]
[EventDate "1976.03.08"]

1. g3 d5 2. c4 dxc4 3. Bg2 e5 4. Qa4+ c6 5. Qxc4 Be6 6. Qc2 Bd6 7. Nf3 Na6 8. Nc3 Nb4 9. Qb1 Qd7 10. a3 Na6 11. d4 Bf5 12. Ne4 Bxe4 13. Qxe4 f5 14. Qe3 e4 15. Nd2 Nc7 16. g4 fxg4 17. h3 Nf6 18. Nxe4 O-O-O 19. Nxf6 gxf6 20. hxg4 Be5 21. Be4 Kb8 22. Qb3 Bxd4 23. Bf4 Qxg4 24. Bxc6 Bxf2+ 25. Kf1 Bb6 26. Bxc7+ Kxc7 27. Bf3 Qg3 28. Qc3+ Kb8 29. Qe1 Qe5 30. Rb1 Rhg8 31. Qh4 Rg7 32. Rc1 Rdg8 0-1

[Event "Mar del Plata International-30 Maderna"]
[Site "Mar del Plata ARG"]
[Date "1976.03.20"]
[Round "11"]
[White "Rocha, Antonio Cavilhas"]
[Black "Emma, Jaime"]
[Result "1/2-1/2"]
[WhiteElo "2315"]
[BlackElo "2420"]
[PlyCount "68"]
[EventDate "1976.03.08"]

1. Nf3 Nf6 2. c4 d6 3. d4 c6 4. Nc3 Bg4 5. g3 Bxf3 6. exf3 e6 7. Bg2 d5 8. cxd5 Nxd5 9. O-O Be7 10. f4 O-O 11. f5 Nxc3 12. bxc3 exf5 13. Rb1 Qd7 14. Qb3 b6 15. d5 Bd6 16. dxc6 Nxc6 17. Rd1 Rad8 18. Bf4 Qc7 19. Qc4 Bxf4 20. Qxc6 Qxc6 21. Bxc6 Be5 22. c4 g6 23. Rxd8 Rxd8 24. Re1 Rc8 25. Bd5 Bf6 26. a4 Kf8 27. Rb1 Rc7 28. Rb5 Bc3 29. Rb3 Bd4 30. Rb5 Ke7 31. a5 Kf6 32. a6 h5 33. Kf1 Bc5 34. Rb3 Rd7 1/2-1/2

[Event "Mar del Plata International-30 Maderna"]
[Site "Mar del Plata ARG"]
[Date "1976.03.20"]
[Round "11"]
[White "Sanguineti, Raul"]
[Black "Grinberg, Ricardo"]
[Result "1/2-1/2"]
[WhiteElo "2480"]
[BlackElo "2425"]
[PlyCount "44"]
[EventDate "1976.03.08"]

1. d4 Nf6 2. c4 e6 3. Nf3 c5 4. e3 Be7 5. Nc3 O-O 6. Be2 cxd4 7. Nxd4 a6 8. O-O Qc7 9. Bd2 b6 10. Rc1 Bb7 11. Bf3 d6 12. Bxb7 Qxb7 13. Qe2 Nbd7 14. Rfd1 Rfe8 15. Be1 Rac8 16. f3 Ne5 17. b3 Nfd7 18. Ne4 Nc5 19. Nf2 Bf8 20. Bc3 Rb8 21. f4 Ned7 22. Qf3 Qxf3 1/2-1/2

[Event "Mar del Plata International-30 Maderna"]
[Site "Mar del Plata ARG"]
[Date "1976.03.20"]
[Round "11"]
[White "Schweber, Samuel"]
[Black "Garcia Palermo, Carlos"]
[Result "1-0"]
[WhiteElo "2455"]
[BlackElo "2370"]
[PlyCount "77"]
[EventDate "1976.03.08"]

1. Nf3 Nf6 2. d4 d6 3. g3 g6 4. Bg2 Bg7 5. b3 O-O 6. Bb2 e5 7. dxe5 Nfd7 8. Na3 dxe5 9. e4 Nc6 10. Nc4 Re8 11. a4 Qe7 12. Ba3 Qf6 13. Ne3 Nf8 14. O-O Nd4 15. Nd2 c6 16. c3 Nde6 17. Ng4 Qd8 18. Nc4 Qxd1 19. Rfxd1 Nc7 20. Nge3 Be6 21. Bd6 Rac8 22. b4 b5 23. Bxc7 Rxc7 24. Nd6 Rd8 25. axb5 Bb3 26. Rdb1 Be6 27. Rd1 Bb3 28. Rd2 Bh6 29. Ndc4 Rb8 30. Na5 Bxe3 31. fxe3 Be6 32. bxc6 Rb5 33. Bf1 Rxa5 34. Rxa5 Rxc6 35. c4 Bxc4 36. Rc2 Bb5 37. Rxc6 Bxc6 38. Rxa7 Bxe4 39. b5 1-0

[Event "Mar del Plata International-30 Maderna"]
[Site "Mar del Plata ARG"]
[Date "1976.03.21"]
[Round "12"]
[White "Cuasnicu, Oscar"]
[Black "Hase, Juan Carlos"]
[Result "0-1"]
[WhiteElo "2400"]
[BlackElo "2430"]
[PlyCount "116"]
[EventDate "1976.03.08"]

1. e4 e5 2. Nf3 Nc6 3. Bb5 a6 4. Ba4 Nf6 5. O-O Be7 6. Re1 b5 7. Bb3 O-O 8. h3 d6 9. c3 Na5 10. Bc2 c5 11. d4 Qc7 12. dxe5 dxe5 13. Nbd2 Be6 14. Nh4 g6 15. Nf1 Rfd8 16. Qf3 Ne8 17. Qg3 Bxh4 18. Qxh4 f6 19. Ne3 Nb7 20. Ng4 Bxg4 21. Qxg4 c4 22. f4 Nc5 23. fxe5 Qxe5 24. Be3 Ng7 25. Rad1 Nge6 26. Rd5 Rxd5 27. exd5 Qxd5 28. Bxg6 hxg6 29. Qxg6+ Ng7 30. Bd4 Nce6 31. Bxf6 Qh5 32. Qg3 Kh7 33. Re4 Qf5 34. Rh4+ Nh5 35. Be5 Rg8 36. Qe3 Rg5 37. Qa7+ Kg6 38. Bd4 Nxd4 39. Qxd4 Nf6 40. Qd8 Qe6 41. Qd2 Rd5 42. Rd4 Qb6 43. Qe3 Rxd4 44. cxd4 Qd6 45. a3 Qd5 46. Kf2 Qf5+ 47. Ke2 Qc2+ 48. Qd2 Qe4+ 49. Kf2 Nd5 50. g3 Qh1 51. Qc2+ Kg7 52. Qf5 Nf6 53. Qe5 Qh2+ 54. Ke3 Qxb2 55. g4 Qc1+ 56. Kf3 Qf1+ 57. Kg3 Kg6 58. g5 Qg1+ 0-1

[Event "Mar del Plata International-30 Maderna"]
[Site "Mar del Plata ARG"]
[Date "1976.03.21"]
[Round "12"]
[White "Emma, Jaime"]
[Black "Sanguineti, Raul"]
[Result "0-1"]
[WhiteElo "2420"]
[BlackElo "2480"]
[PlyCount "67"]
[EventDate "1976.03.08"]

1. Nf3 Nf6 2. g3 d5 3. Bg2 e6 4. O-O Be7 5. d3 O-O 6. Nbd2 a5 7. Re1 a4 8. Rb1 Nc6 9. c3 e5 10. Qc2 Re8 11. e4 d4 12. Nc4 Bc5 13. h3 Be6 14. cxd4 Nxd4 15. Nxd4 Bxd4 16. b4 axb3 17. axb3 Qd7 18. Kh2 b5 19. Ne3 Ra6 20. Qe2 Rea8 21. Rd1 h6 22. Qe1 Ra2 23. b4 Ne8 24. Bf1 Nd6 25. Bd2 c5 26. bxc5 Nb7 27. c6 Qxc6 28. Rdc1 Qb6 29. Kg2 Nc5 30. Nc2 Nb3 31. Rxb3 Rxc2 32. Rbb1 Rxc1 33. Rxc1 Ra2 34. Kg1 0-1

[Event "Mar del Plata International-30 Maderna"]
[Site "Mar del Plata ARG"]
[Date "1976.03.21"]
[Round "12"]
[White "Garcia Palermo, Carlos"]
[Black "Brond, Victor"]
[Result "1-0"]
[WhiteElo "2370"]
[BlackElo "2345"]
[PlyCount "81"]
[EventDate "1976.03.08"]

1. e4 g6 2. d4 Bg7 3. c4 d6 4. Nc3 Nf6 5. Be2 O-O 6. Nf3 c6 7. Bg5 h6 8. Bh4 Qc7 9. O-O g5 10. Bg3 Nh5 11. Ne1 Nxg3 12. hxg3 Qb6 13. Nc2 c5 14. Qd2 cxd4 15. Nd5 Qd8 16. Nxd4 e6 17. Nc3 a6 18. Rad1 Qc7 19. Nb3 Rd8 20. c5 Bf8 21. e5 d5 22. f4 Nd7 23. Bh5 Nxc5 24. fxg5 Nxb3 25. axb3 Bc5+ 26. Kh2 Qxe5 27. Ne4 Be7 28. Rxf7 Bxg5 29. Nxg5 Qxg5 30. Qxg5+ hxg5 31. Rc1 Bd7 32. Rc7 Rac8 33. Rfxd7 Rxd7 34. Rxd7 Rc2 35. Bf7+ Kf8 36. Bxe6 Rxb2 37. Bxd5 b5 38. Ra7 Rd2 39. Be6 Rd6 40. Bf5 Rh6+ 41. Kg1 1-0

[Event "Mar del Plata International-30 Maderna"]
[Site "Mar del Plata ARG"]
[Date "1976.03.21"]
[Round "12"]
[White "Letelier Martner, Rene"]
[Black "Schweber, Samuel"]
[Result "0-1"]
[WhiteElo "2350"]
[BlackElo "2455"]
[PlyCount "88"]
[EventDate "1976.03.08"]

1. Nf3 Nf6 2. g3 g6 3. Bg2 Bg7 4. O-O O-O 5. d3 d5 6. Nbd2 c5 7. e4 Nc6 8. Re1 e5 9. exd5 Nxd5 10. Nc4 Re8 11. a4 b6 12. c3 h6 13. Qb3 Be6 14. a5 Rb8 15. Qc2 Qc7 16. axb6 axb6 17. Ne3 Nde7 18. Bd2 Rbd8 19. Ra3 Qd6 20. Nc4 Qc7 21. Bc1 Nd5 22. Bd2 Rd7 23. Raa1 Red8 24. h3 Nde7 25. Bf1 Bd5 26. Qd1 Bxc4 27. dxc4 f5 28. Qc1 e4 29. Bf4 Qb7 30. Nh2 g5 31. Be3 Ne5 32. Qc2 Nd3 33. Bxd3 Rxd3 34. Rad1 Ng6 35. Rxd3 exd3 36. Qb3 Qc6 37. Bd2 Ne5 38. Qb5 Qxb5 39. cxb5 Nc4 40. Nf1 Nxb2 41. Ne3 f4 42. gxf4 gxf4 43. Nf5 Nc4 44. Bxf4 d2 0-1

[Event "Mar del Plata International-30 Maderna"]
[Site "Mar del Plata ARG"]
[Date "1976.03.21"]
[Round "12"]
[White "Rubinetti, Jorge Alberto"]
[Black "Bronstein, Luis Marcos"]
[Result "1/2-1/2"]
[WhiteElo "2380"]
[BlackElo "2380"]
[PlyCount "82"]
[EventDate "1976.03.08"]

1. c4 g6 2. Nc3 c5 3. g3 Bg7 4. Bg2 Nc6 5. a3 d6 6. Rb1 a5 7. Nf3 e6 8. d3 Nge7 9. O-O O-O 10. Bd2 b6 11. Ne1 Bb7 12. Nc2 Rb8 13. b4 axb4 14. axb4 Nxb4 15. Nxb4 cxb4 16. Rxb4 Bxg2 17. Kxg2 d5 18. cxd5 Nxd5 19. Nxd5 Qxd5+ 20. f3 Rfc8 21. Qb1 b5 22. Rc1 Rxc1 23. Bxc1 h5 24. Be3 Bc3 25. Rb3 Qe5 26. Bf2 b4 27. d4 Qb5 28. Qe4 Qc4 29. Rb1 b3 30. Qe5 Rc8 31. Qe4 Rb8 32. Qe5 Qb5 33. Qc7 Ba5 34. Qc5 b2 35. d5 Qxc5 36. Bxc5 Bc3 37. d6 f6 38. Ba3 Kf7 39. d7 Rd8 40. Bxb2 Bxb2 41. Rxb2 Rxd7 1/2-1/2

[Event "Mar del Plata International-30 Maderna"]
[Site "Mar del Plata ARG"]
[Date "1976.03.21"]
[Round "12"]
[White "Trois, Francisco"]
[Black "Garcia, Raimundo"]
[Result "1/2-1/2"]
[WhiteElo "2310"]
[BlackElo "2425"]
[PlyCount "85"]
[EventDate "1976.03.08"]

1. e4 e5 2. Nf3 Nc6 3. Bb5 f5 4. d4 fxe4 5. Nxe5 Nxe5 6. dxe5 c6 7. Nc3 cxb5 8. Nxe4 d5 9. exd6 Nf6 10. Qd4 Be7 11. Bg5 Bf5 12. O-O-O Bxe4 13. Bxf6 Bxf6 14. Qxe4+ Kf8 15. Qxb7 Rb8 16. Qd5 Qc8 17. Kb1 g6 18. d7 Qc4 19. Qd6+ Kf7 20. Rhe1 Rhd8 21. Qa6 Rb6 22. Qxa7 Qb4 23. c3 Bxc3 24. Re2 Re6 25. Rc2 Bf6 26. Qb7 Re1 27. Qd5+ Kg7 28. a3 Rxd1+ 29. Qxd1 Qe4 30. g4 b4 31. axb4 Qxb4 32. f3 Qa5 33. Re2 Qa7 34. Rd2 Qb7 35. h4 Bxh4 36. Rd6 Be7 37. Qd4+ Kg8 38. Qc4+ Kf8 39. Qf4+ Kg7 40. Qd4+ Kg8 41. Qc4+ Kf8 42. Qf4+ Kg7 43. Qd4+ 1/2-1/2